|
|
|
|
| LEADER |
01630nam a2200433 a 4500 |
| 001 |
EBC868331 |
| 003 |
MiAaPQ |
| 005 |
20200520144314.0 |
| 006 |
m o d | |
| 007 |
cr cn||||||||| |
| 008 |
111202s2012 dcua sb 001 0 eng d |
| 010 |
|
|
|z 2011048979
|
| 020 |
|
|
|z 9780821388464
|
| 020 |
|
|
|a 9780821389256 (electronic bk.)
|
| 020 |
|
|
|a 9780821389256 (electronic bk.)
|
| 035 |
|
|
|a (MiAaPQ)EBC868331
|
| 035 |
|
|
|a (Au-PeEL)EBL868331
|
| 035 |
|
|
|a (CaPaEBR)ebr10535700
|
| 035 |
|
|
|a (CaONFJC)MIL349174
|
| 035 |
|
|
|a (OCoLC)779828671
|
| 040 |
|
|
|a MiAaPQ
|c MiAaPQ
|d MiAaPQ
|
| 043 |
|
|
|a a-si---
|a e-ie---
|a e-fi---
|
| 050 |
|
4 |
|a HC59.3
|b .Y97 2012
|
| 082 |
0 |
4 |
|a 338.9
|2 23
|
| 100 |
1 |
|
|a Yusuf, Shahid,
|d 1949-
|
| 245 |
1 |
0 |
|a Some small countries do it better
|h [electronic resource] :
|b rapid growth and its causes in Singapore, Ireland, and Finland /
|c Shahid Yusuf, Kaoru Nabeshima.
|
| 260 |
|
|
|a Washington, D.C. :
|b World Bank,
|c c2012.
|
| 300 |
|
|
|a xiii, 169 p. :
|b ill.
|
| 504 |
|
|
|a Includes bibliographical references and index.
|
| 533 |
|
|
|a Electronic reproduction. Ann Arbor, MI : ProQuest, 2015. Available via World Wide Web. Access may be limited to ProQuest affiliated libraries.
|
| 650 |
|
0 |
|a States, Small
|x Economic conditions.
|
| 650 |
|
0 |
|a Economic development
|z Singapore.
|
| 650 |
|
0 |
|a Economic development
|z Ireland.
|
| 650 |
|
0 |
|a Economic development
|z Finland.
|
| 655 |
|
4 |
|a Electronic books.
|
| 700 |
1 |
|
|a Nabeshima, Kaoru.
|
| 710 |
2 |
|
|a World Bank.
|
| 710 |
2 |
|
|a ProQuest (Firm)
|
| 856 |
4 |
0 |
|u https://ebookcentral.proquest.com/lib/matrademy/detail.action?docID=868331
|z Click to View
|